|
|
|
|
| LEADER |
00000nab a2200000 a 4500 |
| 001 |
vtls000486012 |
| 003 |
SK-MaSNL |
| 005 |
20260426073525.0 |
| 008 |
150205c1993 xo 0 slo |
| 015 |
|
|
|a SNBRB19rr/mm-uuuuu
|
| 035 |
|
|
|a CL0486149
|
| 040 |
|
|
|a SNKBUCL
|b slo
|c SNKBUCL
|e AACR2
|
| 041 |
0 |
|
|a slo
|
| 044 |
|
|
|a xo
|c SK
|
| 080 |
|
|
|a 631(437.6:477)
|2 1981
|
| 100 |
1 |
|
|a -mt-
|4 aut
|9 882110
|
| 245 |
1 |
0 |
|a Spolupráca s Ukrajinou
|c -mt-
|
| 650 |
0 |
7 |
|a poľnohospodárstvo
|2 snkbucl
|9 679
|
| 651 |
|
7 |
|a Slovensko
|2 snkbucl
|9 14231
|
| 651 |
|
7 |
|a Ukrajina
|2 snkbucl
|9 168045
|
| 655 |
|
7 |
|a články z novín a časopisov
|2 snkbucl
|9 267496
|
| 773 |
0 |
|
|t Informácie Ministerstva pôdohospodárstva Slovenskej republiky
|g Roč. 21, č. 11 (1993), s. 4
|
| 850 |
|
|
|a Slovenská národná knižnica v Martine
|a MTA001
|
| 852 |
|
|
|a SNK
|b KIS3GCP
|
| 958 |
|
|
|a RK
|
| 992 |
|
|
|a RBX
|
| 999 |
|
|
|c 2708995
|d 2710925
|